Current Trends and Future Perspectives in Russian Studies Proceedings of the International Conference on Russian Studies at the University of Barcelona, 20th-22nd of June 2018

Guardado en:
Detalles Bibliográficos
Autores Corporativos: Current Trends and Future Perspectives in Russian Studies. International Conference on Russian Studies at the University of Barcelona, University of Barcelona
Otros Autores: Castellví, Joan, Zainouldinov, Andrey
Formato: Libro
Lenguaje:inglés
ruso
Publicado: Barcelona Trialba Ediciones 2018
Edición:1st Edition
Materias:
Etiquetas: Agregar Etiqueta
Sin Etiquetas, Sea el primero en etiquetar este registro!

MARC

LEADER 00000nlm a2200000 4500
001 0250512
005 20240514070046.3
020 |a 978-84-949838-0-1 
041 0 |a eng 
041 0 |a rus 
044 |a ES 
245 1 0 |a Current Trends and Future Perspectives in Russian Studies  |b Proceedings of the International Conference on Russian Studies at the University of Barcelona, 20th-22nd of June 2018  |c Editors: Joan Castellví, Andrey Zainouldinov ... [et al.] 
250 |a 1st Edition 
264 1 |a Barcelona  |b Trialba Ediciones  |c 2018 
300 |a online 1648 s. 
610 2 0 |a jazykoveda 
610 2 0 |a terminológia 
610 2 0 |a jazyky cudzie 
610 2 0 |a ruština 
610 2 0 |a literatúra 
610 2 0 |a filozofia 
610 2 0 |a fonetika 
610 2 0 |a morfológia 
610 2 0 |a frazeológia 
610 2 0 |a sémantika 
610 2 0 |a analýzy 
700 1 |a Castellví, Joan 
700 1 |a Zainouldinov, Andrey 
110 2 |a Current Trends and Future Perspectives in Russian Studies. International Conference on Russian Studies at the University of Barcelona 
710 2 |a University of Barcelona